Exchange Rate and Interest Rate Volatility in a Target Zone: The Portuguese Case

Táto práca skúma účasť portugalskej ekonomiky v mechanizme výmenných kurzov EMS na základe niektorých hlavných predpovedí literatúry o cieľovej zóne. Rozloženie výmenných kurzov ukazuje, že väčšina pozorovaní sa nachádza blízko centrálnej parity, čím sa vyvracia jedna z kľúčových predpovedí modelu K...

Full description

Saved in:
Bibliographic Details
Main Author: Duarte, António Portugal
Other Authors: Andrade, Joao Sousa, Duarte, Adelaide
Format: Book Chapter
Language:English
Subjects:
Tags: Add Tag
No Tags, Be the first to tag this record!

MARC

LEADER 00000naa$a2200000$$$4500
001 0308499
005 20250507081432.5
041 0 |a eng 
044 |a PT 
245 1 0 |a Exchange Rate and Interest Rate Volatility in a Target Zone: The Portuguese Case  |c António Portugal Duarte, Joao Sousa Andrade, Adelaide Duarte 
520 |a Táto práca skúma účasť portugalskej ekonomiky v mechanizme výmenných kurzov EMS na základe niektorých hlavných predpovedí literatúry o cieľovej zóne. Rozloženie výmenných kurzov ukazuje, že väčšina pozorovaní sa nachádza blízko centrálnej parity, čím sa vyvracia jedna z kľúčových predpovedí modelu Krugman (1991). 
610 2 0 |a volatilita 
610 2 0 |a Portugalsko 
610 2 0 |a stabilita meny 
100 1 |a Duarte, António Portugal 
700 1 |a Andrade, Joao Sousa 
700 1 |a Duarte, Adelaide